عرض عادي
عرض مارك
- Miller, Arthur,
مدخل إسم شخص
001 - رقم الضبط
- حقل الضبط: 7391
003 - معرف رقم الضبط
- حقل الضبط: OSt
005 - تاريخ ووقت أخر عملية
- حقل الضبط: 20111208123443.0
008 - عناصر بيانات ثابتة الطول
- حقل تحكم ثابت الطول: 111208|||a|||||| | ||| d
040 ## - مصدر الفهرسة
- هيئة الفهرسة الأصلية: OSt
- وكالة الكتابة: OSt
100 ## - مدخل -- أسم شخص
- إسم شخص: Miller, Arthur,
- تواريخ مرتبطة بالاسم: 1915-2005
670 ## - بيانات المصدر موجوده
- الاستشهاد بالمصدر: Work cat.: (OSt)20590: Twain, Mark, 1835-1910., Chapters from my autobiography (1906-1907) /, 1996.
